[Event "Festival"]
[Site "Marostica ITA"]
[Date "1995.09.??"]
[Round "9"]
[White "Alberton, Roberto"]
[Black "Danieli, Enrico"]
[Result "0-1"]
[WhiteElo "2054"]
[BlackElo "1903"]
[PlyCount "122"]
[EventDate "1995.09.08"]

1. e4 d5 2. exd5 Nf6 3. d4 Nxd5 4. Bc4 e6 5. Nf3 Be7 6. O-O O-O 7. Re1 b6 8.
Bd3 Bb7 9. c3 Nd7 10. Qc2 N7f6 11. Bg5 h6 12. Bxf6 Bxf6 13. Nbd2 Rc8 14. Rad1
c5 15. dxc5 Rxc5 16. Qb1 Bxc3 17. bxc3 Nxc3 18. Bh7+ Kh8 19. Nb3 Qc7 20. Qc2
Bxf3 21. Nxc5 Bxd1 22. Qxc3 Kxh7 23. Qd3+ Kg8 24. Nxe6 fxe6 25. Rxd1 Qf4 26.
Qe2 e5 27. h3 Rc8 28. g3 Qf5 29. Kg2 Rc2 30. Qe3 Rc4 31. Rd5 Qe4+ 32. Qxe4 Rxe4
33. Rd8+ Kh7 34. Kf3 Ra4 35. Rd2 Kg6 36. h4 h5 37. Rb2 Kf5 38. Ke2 Ra5 39. f3
b5 40. Kd1 a6 41. Kc1 Ra3 42. Rf2 e4 43. fxe4+ Kxe4 44. Rf7 Rxg3 45. Ra7 Rg6
46. Kc2 Kf4 47. Rd7 Kg3 48. Rd4 Rg4 49. Rd6 Ra4 50. Kb3 Kxh4 51. Rg6 Kh3 52.
Rxg7 h4 53. Rg6 Kh2 54. a3 h3 55. Kb2 Kh1 56. Kb3 h2 57. Kb2 a5 58. Kb3 Rf4 59.
Rg5 Rf1 60. Kb2 Rf2+ 61. Kb3 Rg2 0-1

[Event "Festival"]
[Site "Marostica ITA"]
[Date "1995.09.??"]
[Round "9"]
[White "Bertacco, Piero"]
[Black "Aranovitch, Emiliano"]
[Result "0-1"]
[WhiteElo "1747"]
[BlackElo "2280"]
[PlyCount "114"]
[EventDate "1995.09.08"]

1. d4 Nf6 2. Nf3 g6 3. c3 Bg7 4. g3 O-O 5. Bg2 d6 6. O-O Nbd7 7. Nbd2 e5 8.
dxe5 dxe5 9. Qc2 Qe7 10. e4 b6 11. Re1 a5 12. a4 h6 13. b3 Re8 14. Ba3 Qe6 15.
Rac1 Bf8 16. Bxf8 Kxf8 17. Nc4 Kg7 18. h4 Bb7 19. Nh2 Nc5 20. f3 Nh5 21. Nf1
Ba6 22. Ncd2 Nd3 23. c4 Nxe1 24. Rxe1 Rad8 25. Kh2 Rd4 26. Re2 Red8 27. Nb1 Qd6
28. Nc3 c6 29. Rf2 Rd3 30. Ne2 Nf6 31. Qb2 Qc5 32. Ng1 Qd4 33. Qxd4 R3xd4 34.
Rb2 Rd3 35. Ne2 Bc8 36. Kg1 Be6 37. f4 exf4 38. Nxf4 Rd1 39. Bf3 Ra1 40. e5 Nh5
41. Nxh5+ gxh5 42. Kf2 Rc8 43. Bxh5 b5 44. axb5 cxb5 45. cxb5 Rb8 46. Be2 Bd7
47. Ne3 Bxb5 48. Nf5+ Kg6 49. Ne7+ Kh7 50. Bf3 Bc4 51. Be4+ Kh8 52. Nf5 a4 53.
Nxh6 a3 54. Rc2 Bxb3 55. Rc7 a2 56. Ra7 Rc8 57. e6 Bxe6 0-1

[Event "Festival"]
[Site "Marostica ITA"]
[Date "1995.09.??"]
[Round "9"]
[White "Borgo, Giulio"]
[Black "Belotti, Bruno"]
[Result "1-0"]
[WhiteElo "2345"]
[BlackElo "2380"]
[PlyCount "57"]
[EventDate "1995.09.08"]

1. e4 c5 2. Nf3 d6 3. d4 cxd4 4. Nxd4 Nf6 5. f3 g6 6. c4 Bg7 7. Be3 O-O 8. Nc3
b6 9. Be2 Bb7 10. O-O Nbd7 11. Qd2 a6 12. Rfd1 Rc8 13. Rac1 Re8 14. Bf1 e6 15.
Nb3 Bf8 16. Qf2 Qc7 17. Rd2 Ba8 18. Rcd1 Qb8 19. Qh4 b5 20. cxb5 axb5 21. Bg5
Qa7+ 22. Kh1 b4 23. Nb5 Qxa2 24. Nc1 Qa1 25. Ne2 Qa5 26. Nxd6 Rc5 27. Nxe8 Rxg5
28. Nxf6+ Nxf6 29. Rd8 1-0

[Event "Festival"]
[Site "Marostica ITA"]
[Date "1995.09.??"]
[Round "9"]
[White "Caruso, Augusto"]
[Black "Giuriati, Paolo"]
[Result "0-1"]
[WhiteElo "2220"]
[BlackElo "1957"]
[PlyCount "80"]
[EventDate "1995.09.08"]

1. e4 e6 2. Nf3 d5 3. e5 c5 4. b4 cxb4 5. a3 bxa3 6. d4 Nc6 7. c3 Qa5 8. Qb3
Nge7 9. Bd3 Ng6 10. h4 Be7 11. h5 Nf8 12. Bxa3 Qd8 13. Qc2 h6 14. Rh3 Nd7 15.
Rg3 Bxa3 16. Nxa3 O-O 17. Qd2 Kh8 18. Qf4 f5 19. Nh4 Ne7 20. Ke2 Nb6 21. Rh1
Bd7 22. Ng6+ Kh7 23. Rhh3 Rc8 24. Nc2 Rf7 25. Ne3 a6 26. Ng4 Rxc3 27. Nxe7 Qxe7
28. Nf6+ Rxf6 29. exf6 Qxf6 30. Bxf5+ exf5 31. Rxc3 Bb5+ 32. Ke1 Nc4 33. f3 Nb2
34. Qd2 Nc4 35. Qf4 Nb2 36. Qd2 Nc4 37. Qf2 f4 38. Qc2+ Kg8 39. Kf2 Qxd4+ 40.
Ke1 Qg1+ 0-1

[Event "Festival"]
[Site "Marostica ITA"]
[Date "1995.09.??"]
[Round "9"]
[White "Godena, Michele"]
[Black "Bancod, Ronald"]
[Result "1-0"]
[WhiteElo "2420"]
[BlackElo "2385"]
[PlyCount "75"]
[EventDate "1995.09.08"]

1. e4 c5 2. c3 d5 3. exd5 Qxd5 4. d4 e6 5. Nf3 Nf6 6. Na3 Qd8 7. Nc2 Be7 8. Bd3
Nbd7 9. Bf4 O-O 10. Qe2 b6 11. Rd1 Bb7 12. dxc5 Bxc5 13. O-O Qc8 14. Ncd4 Re8
15. Ne5 a6 16. Rfe1 b5 17. Bc2 Bd5 18. a4 Qb7 19. axb5 Bxg2 20. Nxd7 Nxd7 21.
Nb3 Bd5 22. c4 Bh1 23. Qf1 Bb4 24. Re3 axb5 25. f3 bxc4 26. Kxh1 cxb3 27. Be4
Qa6 28. Qxa6 Rxa6 29. Rxd7 Ra1+ 30. Kg2 Bc5 31. Red3 Rg1+ 32. Kh3 g5 33. Bg3
Bf8 34. Bf2 Ra1 35. Rxb3 Rc8 36. Rbb7 f5 37. Bd3 Rd1 38. Bxf5 1-0

[Event "Festival"]
[Site "Marostica ITA"]
[Date "1995.09.??"]
[Round "9"]
[White "Micheli, Carlo"]
[Black "Mrdja, Milan"]
[Result "0-1"]
[WhiteElo "2295"]
[BlackElo "2450"]
[PlyCount "52"]
[EventDate "1995.09.08"]

1. e4 c5 2. Nf3 d6 3. d4 cxd4 4. Nxd4 Nf6 5. Nc3 a6 6. Be3 Ng4 7. Bg5 h6 8. Bh4
g5 9. Bg3 Bg7 10. Be2 h5 11. h4 Nc6 12. Nb3 gxh4 13. Bxh4 Be6 14. Qd2 Qb6 15.
Nd5 Bxd5 16. exd5 Nce5 17. Qa5 Qa7 18. Qa4+ b5 19. Qe4 Ng6 20. Bg3 Bxb2 21. Rb1
Bc3+ 22. Kf1 Nf6 23. Qd3 Rc8 24. a4 bxa4 25. Qxa6 Qxa6 26. Bxa6 Rb8 0-1

[Event "Festival"]
[Site "Marostica ITA"]
[Date "1995.09.??"]
[Round "9"]
[White "Negro, Roberto"]
[Black "Di Lazzaro, Gabriele"]
[Result "1-0"]
[WhiteElo "2164"]
[BlackElo "2115"]
[PlyCount "81"]
[EventDate "1995.09.08"]

1. d4 g6 2. c4 Bg7 3. Nc3 c5 4. d5 d6 5. e4 Nf6 6. f4 O-O 7. Nf3 e6 8. Be2 exd5
9. cxd5 Re8 10. e5 dxe5 11. fxe5 Ng4 12. Bg5 Qb6 13. Qd2 Nxe5 14. O-O-O Bg4 15.
h3 Nxf3 16. Bxf3 Bxf3 17. gxf3 Nd7 18. d6 Qb4 19. Be7 Bxc3 20. bxc3 Qa3+ 21.
Kb1 Rac8 22. h4 h5 23. Rhg1 Kg7 24. Rg5 Rh8 25. Rdg1 Rc6 26. Qc2 Rh6 27. f4
Rb6+ 28. Ka1 Ra6 29. Rb1 b6 30. Rb3 Qa4 31. c4 Ra5 32. f5 Qc6 33. Rg1 Nb8 34.
Rbg3 Na6 35. Qc3+ Kg8 36. fxg6 fxg6 37. Rxg6+ Rxg6 38. Rxg6+ Kf7 39. Qg7+ Ke8
40. Qf8+ Kd7 41. Qd8# 1-0

[Event "Festival"]
[Site "Marostica ITA"]
[Date "1995.09.??"]
[Round "9"]
[White "Pegoraro, Giorgio"]
[Black "Elstner, Herbert"]
[Result "1-0"]
[WhiteElo "2094"]
[BlackElo "2215"]
[PlyCount "33"]
[EventDate "1995.09.08"]

1. e4 e5 2. Nf3 f5 3. Nxe5 Nc6 4. Qh5+ g6 5. Nxg6 Nf6 6. Qh4 Rg8 7. Nxf8 Rg4 8.
Qh3 Rxe4+ 9. Be2 Qe7 10. Nc3 Nd4 11. Qd3 Nxe2 12. Nxe2 Kxf8 13. f3 Re5 14. Kf2
Qc5+ 15. Kf1 b6 16. b4 Qxb4 17. Ba3 1-0

[Event "Festival"]
[Site "Marostica ITA"]
[Date "1995.09.??"]
[Round "9"]
[White "Rossi, Giampiero"]
[Black "Torelli, Mirco"]
[Result "1-0"]
[WhiteElo "2135"]
[BlackElo "1998"]
[PlyCount "62"]
[EventDate "1995.09.08"]

1. d4 Nf6 2. c4 e6 3. Nc3 c5 4. dxc5 Bxc5 5. Nf3 Qb6 6. e3 O-O 7. Be2 Nc6 8.
O-O Be7 9. a3 a5 10. Qc2 d6 11. Rd1 Rd8 12. b3 d5 13. cxd5 exd5 14. Bb2 Bg4 15.
Rac1 Rac8 16. Na4 Qa7 17. Qd3 Ne4 18. Qb5 Nd6 19. Qb6 Ne4 20. Rxc6 Qxb6 21.
Rxb6 Rd7 22. h3 Be6 23. Nd4 Nc5 24. Nxc5 Rxc5 25. Rb5 Rc8 26. Rxa5 Rdc7 27. Bf3
Rd8 28. b4 h6 29. Rb5 Bf6 30. a4 Be7 31. a5 31... Rdd7 {...} 1-0

[Event "Festival"]
[Site "Marostica ITA"]
[Date "1995.09.??"]
[Round "9"]
[White "Sarno, Spartaco"]
[Black "Manca, Federico"]
[Result "1-0"]
[WhiteElo "2405"]
[BlackElo "2355"]
[PlyCount "81"]
[EventDate "1995.09.08"]

1. c4 g6 2. Nc3 Bg7 3. g3 c5 4. Bg2 Nc6 5. e3 Nf6 6. Nge2 O-O 7. O-O d6 8. d4
Bd7 9. b3 Rb8 10. Bb2 a6 11. Qd2 b5 12. cxb5 axb5 13. dxc5 dxc5 14. Rfd1 Qa5
15. Nd5 Nxd5 16. Bxg7 Kxg7 17. Qxd5 Rfd8 18. Qxc5 b4 19. Qxa5 Nxa5 20. Rd5 Bb5
21. Nd4 Rxd5 22. Bxd5 e5 23. Nxb5 Rxb5 24. e4 Nb7 25. a4 bxa3 26. Rxa3 Nd6 27.
Ra7 g5 28. Rd7 Rb6 29. g4 Kg6 30. h3 f6 31. Kf1 h5 32. Be6 h4 33. Ke2 Kh6 34.
Ke3 Rc6 35. f3 Nb5 36. Bf5 Rc7 37. Rxc7 Nxc7 38. Kd3 Kg7 39. Kc4 Kf7 40. Kc5
Na6+ 41. Kb5 1-0

[Event "Festival"]
[Site "Marostica ITA"]
[Date "1995.09.??"]
[Round "9"]
[White "Sedina, Elena"]
[Black "Lucaroni, Massimiliano"]
[Result "1-0"]
[WhiteElo "2350"]
[BlackElo "2280"]
[PlyCount "77"]
[EventDate "1995.09.08"]

1. e4 e5 2. Nf3 Nc6 3. Bb5 Nf6 4. Bxc6 dxc6 5. d3 Bd6 6. O-O c5 7. b3 O-O 8.
Bb2 Nd7 9. Nc3 Re8 10. Nd2 Nf8 11. Ne2 Ng6 12. Nc4 Qg5 13. Bc1 Qf6 14. Be3 Nf4
15. Bxf4 exf4 16. Nxd6 Qxd6 17. f3 a5 18. a4 Ra6 19. Qd2 g5 20. Rad1 Qe5 21. c3
Qe6 22. g3 fxg3 23. Qxg5+ Kh8 24. hxg3 Qxb3 25. Qxc5 Rg6 26. Kf2 Reg8 27. Rh1
Qxa4 28. Qe5+ R8g7 29. Qxc7 Be6 30. Ra1 Qc2 31. Qb8+ Rg8 32. Qe5+ R8g7 33. Rxa5
h6 34. Ke3 Kh7 35. Rc1 Qb2 36. Qb5 Bb3 37. Raa1 Rxg3 38. Rab1 R3g5 39. Qxb3 1-0

[Event "Festival"]
[Site "Marostica ITA"]
[Date "1995.09.??"]
[Round "9"]
[White "Ventura, Sergio"]
[Black "Rosino, Antonio"]
[Result "1/2-1/2"]
[WhiteElo "1998"]
[BlackElo "2320"]
[PlyCount "55"]
[EventDate "1995.09.08"]

1. f4 Nf6 2. Nf3 c5 3. e3 g6 4. b3 Bg7 5. Bb2 O-O 6. Be2 d6 7. O-O Nc6 8. a4
Qc7 9. Na3 Bg4 10. Qc1 e5 11. fxe5 Nxe5 12. h3 Be6 13. Nb5 Qe7 14. Nxe5 dxe5
15. Bxe5 Ne4 16. Bxg7 Kxg7 17. Nc3 Ng3 18. Qb2 Kg8 19. Rf3 Nxe2+ 20. Nxe2 Bd5
21. Qf6 Rfe8 22. Qxe7 Rxe7 23. Rf6 Rd8 24. Nc3 Bc6 25. Rf2 f5 26. Re1 Rde8 27.
Nb5 a6 28. Nc3 1/2-1/2

[Event "I Festival B"]
[Site "Verona ITA"]
[Date "1995.01.??"]
[Round "1"]
[White "Arcangeli, Alessandro"]
[Black "La Spina, Marcello"]
[Result "0-1"]
[WhiteElo "1770"]
[BlackElo "1741"]
[PlyCount "84"]
[EventDate "1995.01.02"]

1. d4 Nf6 2. c4 g6 3. Nc3 d5 4. Nf3 Bg7 5. Bg5 dxc4 6. e3 O-O 7. Bxc4 Nbd7 8.
b4 Nb6 9. Bd3 Nbd5 10. Nxd5 Nxd5 11. a3 c6 12. h3 a5 13. e4 Nc3 14. Qc1 Bxd4
15. Bxe7 Bxf2+ 16. Kxf2 Qxd3 17. Bxf8 Nxe4+ 18. Kg1 Kxf8 19. Qh6+ Kg8 20. Re1
Be6 21. Qe3 Qxe3+ 22. Rxe3 Ng3 23. Rh2 axb4 24. axb4 Ra1+ 25. Re1 Ra2 26. h4 h5
27. Rb1 Bf5 28. Rb3 Ne2+ 29. Kf1 Ng3+ 30. Kg1 Be6 31. Rb1 Kg7 32. Nd4 Bd5 33.
b5 c5 34. Nb3 b6 35. Nc1 Rc2 36. Nd3 Be4 37. Rd1 Ne2+ 38. Kf1 Nc3 39. Nf2 Nxd1
40. Nxe4 Ne3+ 41. Kg1 Rc1+ 42. Kf2 Ng4+ 0-1

[Event "I Festival B"]
[Site "Verona ITA"]
[Date "1995.01.??"]
[Round "3"]
[White "La Spina, Marcello"]
[Black "Maccapan, Fabio"]
[Result "1-0"]
[WhiteElo "1741"]
[BlackElo "1798"]
[PlyCount "21"]
[EventDate "1995.01.02"]

1. e4 c5 2. c3 d6 3. d4 Nf6 4. dxc5 Nxe4 5. Qa4+ Nc6 6. Qxe4 dxc5 7. Bb5 Bd7 8.
Nf3 a6 9. Bxc6 Bxc6 10. Qe2 g6 11. O-O 1-0

[Event "I Festival B"]
[Site "Verona ITA"]
[Date "1995.01.??"]
[Round "4"]
[White "Foroni, Francesco"]
[Black "La Spina, Marcello"]
[Result "1/2-1/2"]
[WhiteElo "1733"]
[BlackElo "1741"]
[PlyCount "88"]
[EventDate "1995.01.02"]

1. Nf3 Nf6 2. e3 g6 3. Be2 Bg7 4. O-O O-O 5. d4 d5 6. Nbd2 c6 7. b3 Nbd7 8. Bb2
Re8 9. c4 e6 10. Qc2 b6 11. cxd5 cxd5 12. Rac1 Bb7 13. Qc7 Qb8 14. Ba3 Rc8 15.
Qd6 Bf8 16. Qxb8 Raxb8 17. Bxf8 Kxf8 18. Bb5 a6 19. Bd3 h6 20. Rfd1 Ke7 21. Kf1
Kd6 22. Ke2 Ke7 23. Nb1 Kd6 24. Kd2 Ke7 25. b4 Kd6 26. Rc3 Rxc3 27. Nxc3 Rc8
28. Rc1 Ke7 29. Nd1 Rxc1 30. Kxc1 Kd6 31. Bc2 Kc7 32. Kd2 Bc6 33. Bd3 Bb7 34.
Ke1 Kd6 35. Nb2 Kc7 36. Bc2 Kd6 37. Nd3 Ke7 38. Nde5 Nxe5 39. Nxe5 Nd7 40. Nxd7
Kxd7 41. Kd2 Bc6 42. Bd3 Bb5 43. Bc2 Bc4 44. a3 b5 1/2-1/2

[Event "I Festival B"]
[Site "Verona ITA"]
[Date "1995.01.??"]
[Round "5"]
[White "La Spina, Marcello"]
[Black "Antolini, Aldo"]
[Result "1-0"]
[WhiteElo "1741"]
[BlackElo "1713"]
[PlyCount "119"]
[EventDate "1995.01.02"]

1. e4 c5 2. c3 d6 3. d4 cxd4 4. cxd4 a6 5. Nf3 Nf6 6. Nc3 g6 7. Be2 Bg7 8. O-O
O-O 9. h3 Nbd7 10. Be3 b5 11. e5 Ne8 12. e6 fxe6 13. Ng5 Ndf6 14. Qb3 d5 15. a4
bxa4 16. Rxa4 Qd6 17. Rfa1 Rb8 18. Qc2 Nc7 19. g3 Nb5 20. Bf4 Qb6 21. Bxb8 Nxd4
22. Rxd4 Qxd4 23. Bf4 Qb6 24. Na4 Qb7 25. Qc7 Qb4 26. Qb6 Qxb6 27. Nxb6 h6 28.
Nf3 Ne4 29. Nxc8 Rxc8 30. Be5 Bxe5 31. Nxe5 Rf8 32. Bxa6 Rxf2 33. b4 Rb2 34. b5
Nxg3 35. Nd7 Ne2+ 36. Kf1 Nd4 37. b6 e5 38. b7 Nc2 39. Rc1 Ne3+ 40. Kg1 e4 41.
b8=Q+ Rxb8 42. Nxb8 Kf7 43. Nc6 Kf6 44. Nd4 e5 45. Rc6+ Kg5 46. Ne6+ Kh4 47.
Nf8 Kxh3 48. Rxg6 d4 49. Kf2 Ng4+ 50. Ke2 d3+ 51. Kd2 Kg3 52. Bc8 h5 53. Bxg4
hxg4 54. Nd7 Kf4 55. Nxe5 Kxe5 56. Rxg4 Kf5 57. Rh4 Ke5 58. Ke3 d2 59. Kxd2 Kd4
60. Ke2 1-0

[Event "I Festival B"]
[Site "Verona ITA"]
[Date "1995.01.??"]
[Round "6"]
[White "La Spina, Marcello"]
[Black "Vismara, Daniele"]
[Result "0-1"]
[WhiteElo "1741"]
[BlackElo "1687"]
[PlyCount "65"]
[EventDate "1995.01.02"]

1. e4 c5 2. c3 d6 3. d4 Nf6 4. dxc5 dxc5 5. Qxd8+ Kxd8 6. f3 e5 7. Bc4 Ke7 8.
Be3 b6 9. Ne2 Be6 10. Na3 Nc6 11. Bxe6 Kxe6 12. O-O-O Bd6 13. Rd2 Rad8 14. Rhd1
Rd7 15. Ng3 Rhd8 16. Nf5 g6 17. Nh4 Be7 18. g3 Rxd2 19. Rxd2 Rxd2 20. Kxd2 Nd7
21. Ng2 f5 22. Ke2 a6 23. Nc4 b5 24. Nd2 c4 25. h3 Nc5 26. Bxc5 Bxc5 27. Ne3
Bxe3 28. Kxe3 Nb8 29. b3 cxb3 30. axb3 Nd7 31. Kd3 fxe4+ 32. fxe4 Kd6 33. b4
0-1

[Event "I Festival B"]
[Site "Verona ITA"]
[Date "1995.01.??"]
[Round "7"]
[White "Pegoraro, Nicola"]
[Black "La Spina, Marcello"]
[Result "0-1"]
[WhiteElo "1833"]
[BlackElo "1741"]
[PlyCount "82"]
[EventDate "1995.01.02"]

1. e4 c6 2. d4 d5 3. Nc3 dxe4 4. f3 exf3 5. Nxf3 Bf5 6. Bc4 e6 7. O-O Nf6 8.
Bg5 Be7 9. Qe1 O-O 10. Qh4 Re8 11. Ne5 Nd5 12. Bxe7 Qxe7 13. Qxe7 Nxe7 14. g4
Bg6 15. h4 h5 16. Nxg6 Nxg6 17. gxh5 Ne7 18. Ne4 Rd8 19. c3 Nf5 20. Bd3 Nd7 21.
Ng5 Nh6 22. Bh7+ Kh8 23. Bc2 Nf6 24. Rf3 Rd7 25. Raf1 Rad8 26. Bb3 b6 27. Ba4
Rd6 28. Rxf6 gxf6 29. Rxf6 Kg7 30. Rxh6 Kxh6 31. Nxf7+ Kxh5 32. Nxd8 Rxd8 33.
Bxc6 Rf8 34. c4 Kxh4 35. d5 e5 36. d6 Kg3 37. b4 e4 38. c5 e3 39. Bb5 bxc5 40.
bxc5 Rb8 41. Bd3 Rb1+ 0-1

[Event "I Festival B"]
[Site "Verona ITA"]
[Date "1995.01.??"]
[Round "8"]
[White "La Spina, Marcello"]
[Black "Ziviani, Claudio"]
[Result "1-0"]
[WhiteElo "1741"]
[BlackElo "1830"]
[PlyCount "35"]
[EventDate "1995.01.02"]

1. e4 e5 2. Nf3 Nc6 3. Bb5 a6 4. Bxc6 bxc6 5. d4 exd4 6. Qxd4 Nf6 7. Bg5 Be7 8.
O-O O-O 9. Re1 Bb7 10. Nc3 d6 11. Rad1 Re8 12. e5 Nd5 13. Bxe7 Qxe7 14. exd6
Qxd6 15. Ne4 Qf8 16. Nc5 Nf4 17. Qc4 Re2 18. Nxb7 1-0

[Event "I Festival A"]
[Site "Verona ITA"]
[Date "1995.01.??"]
[Round "1"]
[White "Barberi, Alessandro"]
[Black "Naumkin, Igor"]
[Result "0-1"]
[WhiteElo "2032"]
[BlackElo "2500"]
[PlyCount "83"]
[EventDate "1995.01.02"]

1. d4 e6 2. c4 f5 3. Nc3 Bb4 4. Nf3 Bxc3+ 5. bxc3 Nf6 6. g3 O-O 7. Bg2 d6 8.
O-O Qe8 9. Ba3 Ne4 10. Qc2 Qh5 11. Rae1 Nd7 12. Nd2 Nxd2 13. Qxd2 Nf6 14. f3 b6
15. e4 fxe4 16. fxe4 e5 17. c5 dxc5 18. dxc5 Re8 19. Bf3 Bg4 20. Bxg4 Qxg4 21.
Rf5 Rad8 22. Qe3 Rd1 23. Rff1 Rxe1 24. Rxe1 Qe6 25. Qe2 h6 26. Qc2 Rd8 27. cxb6
axb6 28. c4 Rd4 29. c5 b5 30. Bc1 Rc4 31. Qb3 c6 32. Bb2 Kf7 33. Qa3 Ra4 34.
Qc3 Rxe4 35. Rxe4 Nxe4 36. Qf3+ Nf6 37. Qe3 Qxa2 38. Qxe5 Qb1+ 39. Kg2 Qe4+ 40.
Qxe4 Nxe4 41. Bd4 Nd2 42. Kh3 0-1

[Event "I Festival A"]
[Site "Verona ITA"]
[Date "1995.01.??"]
[Round "1"]
[White "Cecchetto, Vanni"]
[Black "De Vita, Igor"]
[Result "0-1"]
[WhiteElo "1933"]
[BlackElo "2140"]
[PlyCount "86"]
[EventDate "1995.01.02"]

1. e4 Nf6 2. e5 Nd5 3. d4 d6 4. Nf3 Bg4 5. Be2 c6 6. O-O Bxf3 7. Bxf3 dxe5 8.
dxe5 e6 9. c4 Ne7 10. Qxd8+ Kxd8 11. Nc3 Nd7 12. Rd1 Ng6 13. b3 Kc7 14. Bb2
Ndxe5 15. Be2 Be7 16. g3 Rad8 17. h4 Bf6 18. Kg2 Rxd1 19. Rxd1 Nd7 20. f4 Rd8
21. Kf3 Nc5 22. Rxd8 Kxd8 23. Nd1 Bxb2 24. Nxb2 a5 25. Nd3 Nxd3 26. Bxd3 Ke7
27. a3 Kd6 28. h5 Nf8 29. Be4 Kc5 30. Bd3 Kd4 31. Bc2 Kc3 32. Bd1 Nd7 33. Ke4
f5+ 34. Ke3 Nc5 35. g4 Nxb3 36. gxf5 exf5 37. Bxb3 Kxb3 38. Kd4 Kxa3 39. Ke5
Kb3 40. Ke6 a4 41. Kf7 a3 42. Kxg7 a2 43. Kxh7 a1=Q 0-1

[Event "I Festival A"]
[Site "Verona ITA"]
[Date "1995.01.??"]
[Round "1"]
[White "Dai Campi, Danilo"]
[Black "Delanoy, Arnaud"]
[Result "1/2-1/2"]
[WhiteElo "1911"]
[BlackElo "2155"]
[PlyCount "76"]
[EventDate "1995.01.02"]

1. e4 e5 2. Nf3 Nf6 3. d4 Nxe4 4. Bd3 d5 5. Nxe5 Bd6 6. O-O Nd7 7. Re1 O-O 8.
Nxd7 Bxd7 9. Bxe4 dxe4 10. Rxe4 f5 11. Re1 Qh4 12. g3 Qh3 13. Qf3 f4 14. Qg2
Qh5 15. Nc3 Bc6 16. d5 f3 17. Qf1 Bxd5 18. Nxd5 Qxd5 19. Qd3 Qh5 20. Re4 Rae8
21. Rxe8 Rxe8 22. Be3 b6 23. Rd1 Qg4 24. Qd5+ Qe6 25. Kf1 Qxd5 26. Rxd5 Re5 27.
Rxe5 Bxe5 28. c3 Kf7 29. Ke1 Ke6 30. Kd2 Kf5 31. Kd3 g5 32. h3 h5 33. b3 a6 34.
Bd4 Bd6 35. c4 Bb4 36. Be3 Be7 37. Bd4 Bb4 38. Be3 Be7 1/2-1/2

[Event "I Festival A"]
[Site "Verona ITA"]
[Date "1995.01.??"]
[Round "1"]
[White "Di Lazzaro, Gabriele"]
[Black "Garista, Eugenio"]
[Result "1-0"]
[WhiteElo "2140"]
[BlackElo "1932"]
[PlyCount "117"]
[EventDate "1995.01.02"]

1. Nf3 d5 2. g3 Nf6 3. Bg2 c5 4. O-O Nc6 5. d4 Bg4 6. c3 Bxf3 7. Bxf3 e5 8.
dxe5 Nxe5 9. Bg2 Qd7 10. Bg5 Ne4 11. Bf4 Ng6 12. Be3 Rd8 13. Qc2 Qe6 14. Rd1
Nf6 15. Qa4+ Qc6 16. Qxa7 b5 17. Qa3 Ng4 18. c4 bxc4 19. Bc1 Be7 20. Nd2 h5 21.
Nxc4 Qf6 22. f3 dxc4 23. Rxd8+ Bxd8 24. fxg4 hxg4 25. Qa4+ Kf8 26. Qxc4 Qf5 27.
Be3 Ne5 28. Bxc5+ Kg8 29. Qd5 Qg5 30. Bd4 Bf6 31. Bxe5 Bxe5 32. Rd1 Qe3+ 33.
Kf1 g6 34. Qe4 Qxe4 35. Bxe4 Rxh2 36. b4 Bxg3 37. Bg2 Rh5 38. Rd5 Kf8 39. a4
Ke7 40. a5 Bc7 41. Kf2 Ke6 42. Rd4 f5 43. e3 Rh7 44. Rc4 Rd7 45. Ke2 g5 46.
Rc6+ Ke5 47. a6 Bd6 48. b5 f4 49. exf4+ gxf4 50. Bf1 Bb4 51. Rc2 f3+ 52. Kf2
Ba5 53. Kg3 Rg7 54. Rc5+ Ke4 55. Rc4+ Kf5 56. Bd3+ Ke5 57. Rxg4 Rxg4+ 58. Kxg4
f2 59. a7 1-0

[Event "I Festival A"]
[Site "Verona ITA"]
[Date "1995.01.??"]
[Round "1"]
[White "Farina, Saverio"]
[Black "Cvitan, Ognjen"]
[Result "0-1"]
[WhiteElo "2120"]
[BlackElo "2520"]
[PlyCount "58"]
[EventDate "1995.01.02"]

1. d4 Nf6 2. c4 e6 3. a3 c5 4. e3 cxd4 5. exd4 d5 6. Nf3 Be7 7. Nc3 O-O 8. Bd3
dxc4 9. Bxc4 b6 10. d5 exd5 11. Nxd5 Bb7 12. Nxe7+ Qxe7+ 13. Qe2 Re8 14. Qxe7
Rxe7+ 15. Kf1 Nbd7 16. Bd2 Rc8 17. Bb4 Ree8 18. Bd3 a5 19. Bd2 Nc5 20. Bb5 Red8
21. Bg5 Nce4 22. Be3 Nd5 23. Bd4 Nd6 24. Ba4 Nf5 25. Rd1 Ba6+ 26. Kg1 Be2 27.
h3 Bxd1 28. Bxd1 Nxd4 29. Nxd4 Nf6 0-1

[Event "I Festival A"]
[Site "Verona ITA"]
[Date "1995.01.??"]
[Round "1"]
[White "Leoncini, Mario"]
[Black "Perich, Stefano"]
[Result "1-0"]
[WhiteElo "2185"]
[BlackElo "1971"]
[PlyCount "93"]
[EventDate "1995.01.02"]

1. e4 d5 2. exd5 Nf6 3. d4 Nxd5 4. Nf3 Bf5 5. Bc4 e6 6. O-O Be7 7. Bb3 c6 8.
Nc3 O-O 9. Qe2 Bg4 10. h3 Bh5 11. Ne4 Bxf3 12. Qxf3 Nf6 13. c3 Nxe4 14. Qxe4
Nd7 15. Bc2 Nf6 16. Qh4 g6 17. Bh6 Re8 18. Rae1 Nh5 19. Qe4 Bg5 20. Bxg5 Qxg5
21. Bb1 Rad8 22. f4 Qd5 23. Qe3 Ng7 24. g4 b6 25. Be4 Qd6 26. Bf3 Re7 27. Kg2
Rc7 28. Rd1 Rdc8 29. Rf2 Kf8 30. Qe5 Qxe5 31. dxe5 Ke7 32. Rfd2 h6 33. Kf2 Ne8
34. Be4 Ng7 35. Ke3 a5 36. Rf1 Rd8 37. Rxd8 Kxd8 38. f5 exf5 39. gxf5 gxf5 40.
Bxf5 Nxf5+ 41. Rxf5 Re7 42. Ke4 Ke8 43. Rf6 Re6 44. Kf5 Ke7 45. Rxe6+ fxe6+ 46.
Kg6 b5 47. Kxh6 1-0

[Event "I Festival A"]
[Site "Verona ITA"]
[Date "1995.01.??"]
[Round "1"]
[White "Parrella, Alfredo"]
[Black "Bevilacqua, Maurizio"]
[Result "1/2-1/2"]
[WhiteElo "2205"]
[BlackElo "1974"]
[PlyCount "40"]
[EventDate "1995.01.02"]

1. Nf3 d5 2. d4 Nf6 3. g3 g6 4. Bg2 Bg7 5. O-O O-O 6. c3 c5 7. dxc5 a5 8. Ne1
Na6 9. Nd3 Bf5 10. Nf4 Be4 11. f3 Bxb1 12. Rxb1 e5 13. Nd3 e4 14. Nf2 Nxc5 15.
Be3 Qe7 16. Bd4 Rfd8 17. Qc2 exf3 18. exf3 Ne6 19. Qe2 Rd7 20. Rfe1 Qd8 1/2-1/2

[Event "I Festival A"]
[Site "Verona ITA"]
[Date "1995.01.??"]
[Round "1"]
[White "Pietralunga, Nicola"]
[Black "Luciani, Valerio"]
[Result "0-1"]
[WhiteElo "2045"]
[BlackElo "2175"]
[PlyCount "110"]
[EventDate "1995.01.02"]

1. d4 f5 2. Nc3 Nf6 3. Bg5 d5 4. e3 e6 5. Bd3 c6 6. Qf3 Be7 7. Nge2 O-O 8. Nf4
Ne4 9. Bxe7 Qxe7 10. Bxe4 fxe4 11. Qg3 Nd7 12. O-O-O b5 13. f3 b4 14. Na4 e5
15. dxe5 Qxe5 16. fxe4 Qxe4 17. Rd4 Qe7 18. Nd3 a5 19. Re1 Nf6 20. Ndc5 Bf5 21.
h4 Ne4 22. Nxe4 Bxe4 23. Rd2 Rf6 24. Qh2 Raf8 25. g4 Rf1 26. Rxf1 Rxf1+ 27. Rd1
Rxd1+ 28. Kxd1 Bf3+ 29. Kd2 Bxg4 30. Qb8+ Qf8 31. Qxf8+ Kxf8 32. Nc5 Ke7 33.
Nb3 a4 34. Nc5 a3 35. bxa3 bxa3 36. Kc3 Bf5 37. Kb3 h6 38. Kxa3 Bxc2 39. Kb2
Bd1 40. Kc1 Be2 41. Kd2 Bc4 42. a4 Kd6 43. Nb7+ Kc7 44. Nc5 Kb6 45. Ne6 g6 46.
Kc3 Ka5 47. e4 Kxa4 48. Kd4 Kb4 49. exd5 Bxd5 50. Nc7 Bf7 51. Ke5 g5 52. hxg5
hxg5 53. Kf6 g4 54. Kxf7 g3 55. Ne6 g2 0-1

[Event "I Festival A"]
[Site "Verona ITA"]
[Date "1995.01.??"]
[Round "1"]
[White "Rossi, Giampiero"]
[Black "Medancic, Rikard"]
[Result "0-1"]
[WhiteElo "2145"]
[BlackElo "2345"]
[PlyCount "82"]
[EventDate "1995.01.02"]

1. d4 d5 2. c4 dxc4 3. Nf3 Bg4 4. e3 e6 5. Bxc4 Nd7 6. O-O Ngf6 7. Nc3 Be7 8.
h3 Bh5 9. Be2 O-O 10. Qb3 Rb8 11. Rd1 c6 12. Bd2 a6 13. Rac1 Qb6 14. Qxb6 Nxb6
15. g4 Bg6 16. Ne5 Nbd7 17. Nxg6 hxg6 18. Be1 Rfd8 19. Bf3 g5 20. Bg2 Bd6 21.
Rb1 e5 22. d5 c5 23. e4 Nf8 24. f3 Ng6 25. Ne2 b5 26. Ng3 Nf4 27. Bf1 Nd7 28.
Nf5 Nb6 29. b3 Bf8 30. Bf2 g6 31. Ne3 Be7 32. Rbc1 Kg7 33. Rc2 Bd6 34. h4 gxh4
35. Bxh4 Rh8 36. Rh2 c4 37. bxc4 Rxh4 38. Rxh4 Bc5 39. Re1 Nxc4 40. Bxc4 bxc4
41. Kf1 Rb2 0-1